Click the Misfit Quiz Stats

 Plays Quiz Updated Aug 3, 2018

Score 0/20 Timer 01:00
0 Plays Today
Question Answer Wrong Answers
3. Which one doesn't fit? Mother-in-Law
97.4%
Frankenstein
0.4%
Dracula
0.4%
Wolfman
0.8%
1. Which one doesn't fit? Ruble
97.2%
Nickel
0.9%
Dime
0.6%
Quarter
1.2%
4. Which one doesn't fit? Wing Nut
97%
Chestnut
0.7%
Walnut
0.4%
Hazelnut
0.5%
2. Which one doesn't fit? Paragon
93.7%
Pentagon
4.7%
Hexagon
0.4%
Octagon
0.5%
8. Which one doesn't fit? Politician
91.8%
Rat
1.3%
Lemming
1.6%
Shrew Mouse
1.2%
5. Which one doesn't fit? Thesaurus
89.3%
Brontosaurus
1.3%
Stegosaurus
0.9%
Allosaurus
6.7%
7. Which one doesn't fit? Definition
88.1%
Word
4.8%
Sentence
0.7%
Paragraph
3%
6. Which one doesn't fit? Nail
78%
Wrench
3.6%
Saw
13.4%
Screwdriver
1.8%
9. Which one doesn't fit? Camry
76.1%
Ford
2.3%
Chevrolet
2.6%
Honda
12.3%
11. Which one doesn't fit? Fruit of the Loom
73.3%
Levi's
2.3%
Lee
5.9%
Wrangler
4.3%
10. Which one doesn't fit? Limburger Cheese
65.2%
Cudgel
5.3%
Truncheon
6.1%
Billy Club
12.7%
13. Which one doesn't fit? NBA
56.1%
CIA
2.8%
FBI
3.6%
DEA
6.4%
14. Which one doesn't fit? Legos
50.9%
Scrabble
1%
Clue
1.2%
Sorry!
4.6%
12. Which one doesn't fit? Australian Open
45.6%
PGA Championship
6.8%
Masters
10%
Open Championship
15%
15. Which one doesn't fit? Fertilizer
43.9%
Flower
1%
Shrub
1.2%
Tree
1.1%
16. Which one doesn't fit? Yard
30.3%
Pint
1.1%
Gallon
1.4%
Cup
4%
17. Which one doesn't fit? Teddy Bear
22.9%
Prairie Dog
0.9%
Guinea Pig
1.1%
Mountain Goat
2.4%
18. Which one doesn't fit? Vegan
19.1%
Carrot
0.3%
Radish
0.4%
Onion
0.4%
19. Which one doesn't fit? Times Square
12.5%
Cesspool
0.8%
Septic Tank
0.7%
Sump
0.9%
20. Which one doesn't fit? Burger
9.9%
Ketchup
0.2%
Mustard
0.3%
Mayonnaise
0.4%

You're not logged in!

Compare scores with friends on all Sporcle quizzes.
OR
Log In

Sporcle TV

Today on Sporcle TV


Watch our educational content, quiz creation guides, and fun videos on Sporcle TV.

Show Comments

Extras

Top Quizzes Today


Score Distribution

Your Account Isn't Verified!

In order to create a playlist on Sporcle, you need to verify the email address you used during registration. Go to your Sporcle Settings to finish the process.

Report this User

Report this user for behavior that violates our Community Guidelines.

Details: